[Event "Corsica Masters KO"]
[Site "Bastia FRA"]
[Date "2004.11.02"]
[Round "1.3"]
[White "Shirov,A"]
[Black "Zhang Pengxiang"]
[Result "1-0"]
[WhiteElo "2726"]
[BlackElo "2519"]

1.e4 c5 2.Nf3 Nc6 3.Bb5 Nf6 4.Nc3 Qc7 5.d3 Nd4 6.Bc4 d6 7.Nxd4 cxd4 8.Nd5 Nxd5
9.Bxd5 e6 10.Bb3 Be7 11.O-O O-O 12.f4 Bd7 13.Bd2 Rac8 14.c4 f5 15.exf5 Rxf5
16.Qe2 Kh8 17.Qe4 Qb6 18.Rae1 Rcf8 19.Bc1 R5f6 20.Bd1 Bc6 21.Qe2 Rg6 22.Rf2 Qc5
23.Qh5 Rf5 24.Qh3 Qa5 25.Ref1 Rh6 26.Qg4 Qxa2 27.Bf3 Qb3 28.Bxc6 bxc6 29.Qe2 Rg6
30.g4 Rf8 31.f5 Rgf6 32.g5 R6f7 33.g6 Rf6 34.Qh5 h6 35.Bxh6  1-0

[Event "8th OIBM"]
[Site "Bad Wiessee GER"]
[Date "2004.11.04"]
[Round "6"]
[White "Kurnosov,I"]
[Black "Csiszar,C"]
[Result "1-0"]
[WhiteElo "2533"]
[BlackElo "2387"]

1.e4 c5 2.Nf3 Nc6 3.Bb5 d6 4.O-O Bd7 5.Re1 Nf6 6.c3 a6 7.Bf1 Bg4 8.d4 cxd4
9.cxd4 Bxf3 10.gxf3 d5 11.e5 Nd7 12.e6 fxe6 13.Bh3 Qb6 14.Bxe6 Qxd4 15.Nc3 Qxd1
16.Rxd1 Nc5 17.Bxd5 Rc8 18.Be3 e6 19.Bc4 Ne5 20.Be2 Be7 21.Rac1 Ncd7 22.f4 Ng6
23.Bg4 Ngf8 24.Bf3 Rc7 25.Ne4 Rxc1 26.Rxc1 Ng6 27.Rc8+ Kf7 28.Rc7 Rd8 29.Rxb7 Nh4
30.Be2 Nf8 31.Bc5 Nfg6 32.Ng5+ Ke8 33.Bxe7 Nxe7 34.Nxe6 Rd2 35.Nxg7+ Kf8
36.Ne6+ Kg8 37.Bh5 Neg6 38.Kf1 Rd6 39.Rb8+ Kf7 40.Ng5+ Kg7 41.Rb7+ Kg8 42.Rxh7 Nxf4
43.Bf7+ Kf8 44.Bb3 Nhg6 45.Rf7+  1-0

[Event "WYb16"]
[Site "Heraklio GRE"]
[Date "2004.11.04"]
[Round "1"]
[White "Brkic,A"]
[Black "Baltabaev,N"]
[Result "1/2-1/2"]
[WhiteElo "2454"]
[BlackElo "2144"]

1.e4 c5 2.Nf3 Nc6 3.Bb5 g6 4.O-O Bg7 5.c3 Nf6 6.Re1 O-O 7.d4 d5 8.e5 Ne4
9.Bxc6 bxc6 10.Nbd2 cxd4 11.cxd4 c5 12.dxc5 Nxc5 13.Nb3 Ne4 14.Nbd4 Qb6 15.h3 Ba6
16.Be3 Qxb2 17.Qa4 Bc4 18.e6 f5 19.Rab1 Nc3 20.Rxb2 Nxa4 21.Rb7 Bf6 22.Bg5 Nc5
23.Rxe7 Bxe7 24.Bxe7 Rfc8 25.Bxc5 Rxc5 26.g4 f4 27.Ne5 Rc7 28.g5 Kf8 29.Kg2 Ke7
30.Kf3 Kd6 31.Kxf4 Rf8+ 32.Nf7+ Rcxf7+ 33.exf7 Rxf7+ 34.Ke3 Re7+  1/2-1/2

[Event "WYg14"]
[Site "Heraklio GRE"]
[Date "2004.11.04"]
[Round "1"]
[White "Senanayake,P"]
[Black "Harika,D"]
[Result "0-1"]
[WhiteElo "1673"]
[BlackElo "2391"]

1.e4 c5 2.Nf3 Nc6 3.Bb5 g6 4.Bxc6 dxc6 5.d3 Bg7 6.h3 Nf6 7.Nc3 O-O 8.Be3 b6
9.O-O e5 10.Qd2 Qd6 11.Bh6 Bd7 12.Rae1 Rae8 13.g4 Kh8 14.Kh1 Ng8 15.Bxg7+ Kxg7
16.Rg1 f6 17.Rg3 Nh6 18.Reg1 Nf7 19.h4 Nd8 20.g5 Ne6 21.h5 Nf4 22.h6+ Kh8
23.Ne2 Nh5 24.R3g2 f5 25.Qc3 Qe6 26.Rh2 fxe4 27.dxe4 Kg8 28.a3 Rf7 29.Ng3 Nf4
30.b3 Bc8 31.Rh4 Ba6 32.Re1 Nh3 33.Kg2 Bc8 34.Re3 Rf4 35.Qd2 Ref8 36.Qc3 Rxh4
37.Nxh4 Rxf2+ 38.Kh1 Qg4 39.Ng2 Nf4 40.Nxf4 Qh4+ 41.Kg1 Qh2+  0-1

[Event "WYb14"]
[Site "Heraklio GRE"]
[Date "2004.11.04"]
[Round "1"]
[White "Hanley,Ja"]
[Black "Khairullin,I"]
[Result "0-1"]
[WhiteElo "2061"]
[BlackElo "2514"]

1.e4 c5 2.Nf3 Nc6 3.Bb5 e6 4.O-O Nge7 5.c3 a6 6.Bxc6 Nxc6 7.d4 d5 8.exd5 Qxd5
9.Be3 c4 10.Nbd2 Bd6 11.b3 cxb3 12.axb3 O-O 13.Qb1 Ne7 14.c4 Qf5 15.Ne4 Bc7
16.Re1 b6 17.Ng3 Qxb1 18.Raxb1 f6 19.Bd2 Kf7 20.Bb4 Rd8 21.d5 Ng6 22.Rbd1 exd5
23.cxd5 Bd6 24.Bxd6 Rxd6 25.Ne4 Rd7 26.h4 Bb7 27.d6 Rad8 28.Rd4 h5 29.Rb4 Bxe4
30.Rbxe4 Rxd6 31.g3 Rd3 32.R4e3 Rxe3 33.Rxe3 Rd1+ 34.Kg2 Ne7 35.Rc3 Nd5 36.Rc6 Ke7  0-1

[Event "WYg16"]
[Site "Heraklio GRE"]
[Date "2004.11.05"]
[Round "2"]
[White "Nebolsina,V"]
[Black "Guichard,P"]
[Result "1-0"]
[WhiteElo "2218"]
[BlackElo "2067"]

1.e4 c5 2.Nf3 Nc6 3.Bb5 Nf6 4.e5 Ng4 5.Bxc6 dxc6 6.d3 g6 7.h3 Nh6 8.g4 f5
9.g5 Nf7 10.Nc3 Qc7 11.Qe2 Bg7 12.Bf4 Nd8 13.h4 Ne6 14.Qe3 Qb6 15.O-O-O Nd4
16.Ne2 Nxe2+ 17.Qxe2 Be6 18.c4 Qa6 19.b3 O-O-O 20.h5 gxh5 21.Rxh5 b5 22.Rhh1 Qb6
23.Qc2 Rd7 24.Kd2 Rd4 25.Nxd4 cxd4 26.cxb5 Bd5 27.Rh3 Qxb5 28.Rc1 Qa5+ 29.Ke2 e6
30.Bd2 Qc7 31.f4 h5 32.Rh4 Bf8 33.Qd1 c5 34.Kf2 Ba8 35.Qe2 Qf7 36.Rg1 Qg6
37.Rg3 Qe8 38.Rgh3 Qc6 39.Rh2 c4 40.bxc4 Qa4 41.Rxh5 Rxh5 42.Qxh5 Kd7 43.Qf7+ Be7
44.Rh7 Qa3 45.g6 Bc6 46.g7  1-0

[Event "WYb18"]
[Site "Heraklio GRE"]
[Date "2004.11.05"]
[Round "2"]
[White "Kim,Alex"]
[Black "Khamzin,O"]
[Result "1-0"]
[WhiteElo "2443"]
[BlackElo "2314"]

1.e4 c5 2.Nf3 Nc6 3.Bb5 g6 4.Bxc6 dxc6 5.d3 Bg7 6.h3 Nf6 7.Nc3 O-O 8.Be3 b6
9.Qd2 e5 10.Bh6 Qd6 11.a4 Be6 12.O-O Rad8 13.b3 Nh5 14.Bxg7 Nxg7 15.Rae1 f6
16.Qe3 Bf7 17.Nd2 Ne6 18.Ne2 b5 19.Ra1 Rd7 20.Ra2 a6 21.axb5 cxb5 22.f4 exf4
23.Nxf4 Nd4 24.Ne2 Nxe2+ 25.Qxe2 Rc8 26.Kh1 Rc6 27.Ra5 Qd4 28.Nf3 Qd6 29.Qe1 Re7
30.Qc3 c4 31.bxc4 bxc4 32.e5 Qd7 33.Nd4 Rc8 34.Rxf6 cxd3 35.Qxd3 Bc4 36.Qe3 Rce8
37.Qf4 Bb5 38.c4 Qc7 39.Ra3 Qxc4 40.Rf3 Qc8 41.e6 Bc4 42.Nc6 Rc7 43.e7  1-0

[Event "Extraliga CZE 2004-5"]
[Site "Czech Rep CZE"]
[Date "2004.11.06"]
[Round "1"]
[White "Jasik,K"]
[Black "Kovalev,An"]
[Result "0-1"]
[WhiteElo "2350"]
[BlackElo "2575"]

1.e4 c5 2.Nf3 Nc6 3.Bb5 e6 4.O-O Nge7 5.c3 a6 6.Bxc6 Nxc6 7.d4 d5 8.exd5 Qxd5
9.Be3 c4 10.b3 Bd6 11.Nbd2 cxb3 12.axb3 O-O 13.c4 Qf5 14.c5 Bc7 15.Nc4 Rd8
16.Qb1 Qxb1 17.Rfxb1 Nb4 18.Ra4 Nd5 19.Bd2 Bd7 20.Raa1 Bc6 21.Na5 Ne7 22.Nxc6 Nxc6
23.Bc3 Rac8 24.b4 Na7 25.Rd1 Rd5 26.Kf1 Rcd8 27.Ke2 f6 28.h3 Kf7 29.Bb2 Nc6
30.Bc3 Na7 31.Bb2 g5 32.g4 h5 33.Rdc1 Nc6 34.Bc3 Bf4 35.Rc2 hxg4 36.hxg4 Rh8
37.Rb1 Na7 38.Ba1 Kg6 39.Kd3 Rh3 40.Ke2 Rh7 41.Kd3 Nb5 42.Re1 Rh3 43.Ke2 Na7
44.Rb1 f5 45.gxf5+ Kxf5 46.Rd1 Nc6 47.Bc3 g4 48.Ne1 Rh1 49.Rb2 e5 50.dxe5 Rxd1
51.Kxd1 Bxe5 52.Kc2 Bxc3  0-1

[Event "WYb18"]
[Site "Heraklio GRE"]
[Date "2004.11.06"]
[Round "4"]
[White "Yarmysty,M"]
[Black "Pashikian,A"]
[Result "0-1"]
[WhiteElo "2333"]
[BlackElo "2473"]

1.e4 c5 2.Nf3 Nc6 3.Bb5 g6 4.Bxc6 dxc6 5.d3 Bg7 6.h3 Nf6 7.Nc3 Nd7 8.Be3 e5
9.Qd2 h6 10.O-O Qe7 11.a3 Nf8 12.b4 Ne6 13.Na4 b6 14.bxc5 b5 15.Nc3 f5 16.exf5 gxf5
17.Qe1 O-O 18.Bd2 Qxc5 19.Na2 a5 20.Bxa5 Qxc2 21.Nb4 Qa4 22.Nxc6 e4 23.Nh4 Nf4
24.Qe3 Nxd3 25.Qg3 Rxa5 26.Ne7+ Kh7 27.Qg6+ Kh8 28.Qc6 Rd8 29.Qc7 Re8 30.Nxc8 Ra6
31.Qd7 b4 32.Qxf5 b3 33.Rab1 b2 34.g4 Rf8 35.Ng6+ Rxg6 36.Qxg6 Rxc8 37.g5 Qc6
38.Qf5 Rf8 39.Qg4 Ne5 40.Qg3 Nf3+ 41.Kh1 hxg5  0-1

[Event "WYg16"]
[Site "Heraklio GRE"]
[Date "2004.11.06"]
[Round "4"]
[White "Mikadze,M"]
[Black "Djukic,Sa"]
[Result "1-0"]
[WhiteElo "2172"]
[BlackElo "2028"]

1.e4 c5 2.Nf3 Nc6 3.Bb5 Qc7 4.c3 a6 5.Ba4 b5 6.Bc2 e5 7.d3 d6 8.Nbd2 g6 9.Nf1 Bg7
10.Ng3 Nge7 11.O-O O-O 12.Be3 h6 13.Qe2 Be6 14.Rfd1 Rac8 15.a4 b4 16.Rdc1 Qb7
17.Qd2 Kh7 18.d4 cxd4 19.cxd4 Na5 20.Qe2 Bg4 21.Ng5+ hxg5 22.Qxg4 exd4 23.Bxg5 Nec6
24.Rd1 b3 25.Bd3 Rce8 26.f4 Nb4 27.f5 Nac6 28.f6 Bh8 29.Ra3 Re6 30.Qh4+ Kg8
31.Rxb3 Ne5 32.Nf5 a5 33.Ba6  1-0

[Event "WYg16"]
[Site "Heraklio GRE"]
[Date "2004.11.07"]
[Round "5"]
[White "Steil Antoni,F"]
[Black "Nebolsina,V"]
[Result "0-1"]
[WhiteElo "1936"]
[BlackElo "2218"]

1.e4 c5 2.Nf3 Nc6 3.Bb5 e6 4.O-O Nge7 5.b3 a6 6.Bxc6 Nxc6 7.Bb2 b5 8.a4 b4
9.Re1 Bb7 10.d3 Qc7 11.Nbd2 e5 12.Nc4 f6 13.Ne3 Nd4 14.Nd2 a5 15.Ndc4 Be7
16.Qh5+ g6 17.Qh6 O-O-O 18.Rab1 Ne6 19.Nd5 Bxd5 20.exd5 Nd4 21.Bxd4 cxd4
22.Qg7 d6 23.Nxa5 Qxa5 24.Qxe7 Qxd5 25.Qa7 Rd7 26.Qa6+ Kb8 27.Rb2 Rc8 28.Ra1 Rb7
29.a5 Rc6 30.Qxb7+ Kxb7  0-1

[Event "WYb14"]
[Site "Heraklio GRE"]
[Date "2004.11.07"]
[Round "5"]
[White "Andreikin,D"]
[Black "Vila Gazquez,Ja"]
[Result "1/2-1/2"]
[WhiteElo "2451"]
[BlackElo "2219"]

1.e4 c5 2.Nf3 Nc6 3.Bb5 e6 4.Bxc6 bxc6 5.O-O Ne7 6.d4 Ng6 7.c4 Qc7 8.Nc3 cxd4
9.Nxd4 Be7 10.Be3 O-O 11.b3 c5 12.Nde2 Bb7 13.Ng3 Qc6 14.f3 Rad8 15.Qd2 d6
16.Rad1 a6 17.Rfe1 Rfe8 18.Bg5 Qc7 19.Nh5 f6 20.Bf4 Bf8 21.Bg3 Qf7 22.Nf4 Ne7
23.Qf2 Nc6 24.Nfe2 g6 25.Bf4 Rd7 26.Be3 f5 27.Qg3  1/2-1/2

[Event "WYg16"]
[Site "Heraklio GRE"]
[Date "2004.11.10"]
[Round "7"]
[White "Yildiz,B"]
[Black "Nebolsina,V"]
[Result "1/2-1/2"]
[WhiteElo "2131"]
[BlackElo "2218"]

1.e4 c5 2.Nf3 Nc6 3.Bb5 e6 4.O-O Nge7 5.Re1 Nd4 6.Nxd4 cxd4 7.d3 g6 8.Nd2 Bg7
9.Nf3 O-O 10.Bf4 Qb6 11.Bc4 h6 12.h4 d6 13.Qc1 Kh7 14.e5 dxe5 15.Bxe5 Bxe5
16.Nxe5 f6 17.Nf3 e5 18.c3 Nf5 19.cxd4 Nxd4 20.Nxd4 Qxd4 21.Re4 Qb6 22.Qc3 Bf5
23.Re2 Rfd8 24.a4 Rd4 25.a5 Qd6 26.Qb3 Rb8 27.Ra4 Kg7 28.Rb4 Qc6 29.Rc2 Rg4
30.Bd5 Rxb4 31.Qxb4 Qd7 32.Bc6 Qd8 33.Bf3 b6 34.a6 Rc8 35.Rxc8 Bxc8 36.Qc4 Qd7
37.Bc6 Qg4 38.Be4 Qd7 39.Bc6 Qg4 40.Be4 Qd7  1/2-1/2

[Event "WYg16"]
[Site "Heraklio GRE"]
[Date "2004.11.10"]
[Round "8"]
[White "Atnilov,Be"]
[Black "Hegarty,S"]
[Result "1-0"]
[WhiteElo "2051"]
[BlackElo "1887"]

1.e4 c5 2.Nf3 Nc6 3.Bb5 g6 4.Bxc6 dxc6 5.d3 Bg7 6.Nc3 Nf6 7.h3 Nd7 8.Be3 e5
9.Qd2 Qe7 10.O-O-O b5 11.Bh6 f6 12.Bxg7 Qxg7 13.Nh2 Nb6 14.f4 Qe7 15.fxe5 Qxe5
16.Nf3 Qe6 17.Kb1 Bb7 18.e5 O-O-O 19.exf6 Qxf6 20.Qg5 Qxg5 21.Nxg5 Rd7 22.Nce4 c4
23.dxc4 Rxd1+ 24.Rxd1 Nxc4 25.Nc5 Ba8 26.b3 Ne3 27.Rd7 Rd8 28.Rxh7 b4 29.Nge6 Re8
30.Rc7+  1-0

[Event "WYb14"]
[Site "Heraklio GRE"]
[Date "2004.11.10"]
[Round "8"]
[White "Pena,Alf"]
[Black "Nguyen Ngoc Truongson"]
[Result "0-1"]
[WhiteElo "2242"]
[BlackElo "2527"]

1.e4 c5 2.Nf3 Nc6 3.Bb5 g6 4.O-O Bg7 5.Re1 Nf6 6.c3 O-O 7.d4 cxd4 8.cxd4 d5
9.e5 Ne4 10.Nbd2 Bf5 11.Nf1 f6 12.exf6 exf6 13.Ne3 Be6 14.Bxc6 bxc6 15.Bd2 f5
16.Qc2 Rc8 17.Bb4 Re8 18.Bc5 f4 19.Nf1 g5 20.N3d2 Bf5 21.f3 Nxc5 22.Qxc5 Qb6
23.Qxb6 axb6 24.Nb3 c5 25.dxc5 bxc5 26.Rxe8+ Rxe8 27.Rd1 c4 28.Nc5 d4 29.Nd2 c3
30.bxc3 dxc3 31.Nde4 Bxe4 32.Nxe4 c2 33.Re1 Rc8  0-1

[Event "Tch-FIN 2004-5"]
[Site "Finland FIN"]
[Date "2004.11.13"]
[Round "4"]
[White "Kosmo,S"]
[Black "Keskinen,S"]
[Result "1-0"]
[WhiteElo "2185"]
[BlackElo "2215"]

1.e4 c5 2.Nf3 Nc6 3.Bb5 g6 4.O-O Bg7 5.c3 e5 6.d4 cxd4 7.cxd4 exd4 8.Bf4 a6
9.Bc4 d6 10.Qb3 Qe7 11.Bxd6 Qxd6 12.Bxf7+ Kd8 13.Bxg8 Kc7 14.Bd5 Ne7 15.Rc1+ Kb8
16.Rxc8+  1-0

[Event "British Rapidplay"]
[Site "Halifax ENG"]
[Date "2004.11.13"]
[Round "4"]
[White "Gormally,D"]
[Black "Ansell,S"]
[Result "1-0"]
[WhiteElo "2472"]
[BlackElo "2403"]

1.e4 c5 2.Nf3 Nc6 3.Bb5 e6 4.O-O Nge7 5.c3 d5 6.exd5 Qxd5 7.Qe2 Bd7 8.Rd1 Nf5
9.Bc4 Qd6 10.d4 cxd4 11.Bd3 Nfe7 12.Na3 Nd5 13.Nb5 Qb8 14.Nbxd4 Nxd4 15.Nxd4 Bd6
16.Bb5 Bxb5 17.Qxb5+ Kf8 18.Nf3 Qc7 19.c4 a6 20.Qb3 Nf6 21.Be3 Ng4 22.Bb6 Qe7
23.h3 Nf6 24.c5 Bc7 25.Rac1 g6 26.c6 Bxb6 27.Qxb6 bxc6 28.Rxc6 Kg7 29.Rc7 Qe8
30.Ng5 Nd7 31.Nf3 Qb8 32.Qb3 Qxc7 33.Ra1  1-0

[Event "British Rapidplay"]
[Site "Halifax ENG"]
[Date "2004.11.13"]
[Round "6"]
[White "Ansell,S"]
[Black "Wells,P"]
[Result "1/2-1/2"]
[WhiteElo "2403"]
[BlackElo "2504"]

1.e4 c5 2.Nf3 Nc6 3.Bb5 g6 4.O-O Bg7 5.Nc3 e5 6.a3 Nge7 7.b4 d6 8.Nd5 O-O
9.Nxe7+ Nxe7 10.Bc4 d5 11.Ba2 cxb4 12.d3 a5 13.Rb1 h6 14.Bb2 Qd6 15.axb4 axb4
16.Bb3 Be6 17.Nd2 Rfc8 18.exd5 Nxd5 19.Nc4 Qc7 20.Re1 Nc3 21.Bxc3 bxc3 22.Ne3 Bxb3
23.Rxb3 Qc6 24.Qf3 e4 25.dxe4 Re8 26.Rd1 Rxe4 27.h3 Rae8 28.Rd5 Bd4 29.Rb4 Rxe3
30.fxe3 Rxe3 31.Rd8+ Kg7 32.Qxc6 Re1+ 33.Kh2 Be5+ 34.g3 bxc6 35.Kg2 Re2+
36.Kf3 Rxc2 37.Rc4 Rd2 38.Rc8 f5 39.R8xc6 Rd3+ 40.Ke2 Rxg3 41.Re6 Bb8 42.Re8 Bd6
43.Re6 Bb8 44.Re8 Bd6 45.Re6  1/2-1/2

[Event "British Rapidplay"]
[Site "Halifax ENG"]
[Date "2004.11.14"]
[Round "8"]
[White "Gormally,D"]
[Black "Wells,P"]
[Result "0-1"]
[WhiteElo "2472"]
[BlackElo "2504"]

1.e4 c5 2.Nf3 Nc6 3.Bb5 g6 4.Bxc6 dxc6 5.d3 Bg7 6.h3 Nf6 7.Nc3 Nd7 8.Be3 e5
9.Qd2 h6 10.h4 h5 11.a3 Qe7 12.Rb1 Nf8 13.b4 Ne6 14.Na4 b6 15.Ng5 Nf4 16.Bxf4 exf4
17.Qxf4 cxb4 18.axb4 b5 19.Nc5 Bc3+ 20.Ke2 a5 21.Qe3 axb4 22.d4 f6 23.Nf3 Bg4
24.Nd3 O-O 25.Rhd1 Rfe8 26.e5 c5 27.Kf1 cxd4 28.Qe4 Kh7 29.Qc6 Bxf3 30.gxf3 fxe5
31.Qe4 Ra6 32.Kg2 Rf6 33.Rh1 Rf5 34.Rh3 Qf7 35.Rg3 Rf4 36.Nxe5 Rxe4 37.Nxf7 Re2
38.Ng5+ Kg7 39.Ne4 Rxc2 40.Kh3 d3 41.Rbg1 Re6 42.Nc5 Rc6 43.Nxd3 b3 44.Nf4 Be5
45.Nxh5+ Kf7 46.f4 Bc3 47.Rg5 gxh5 48.Rh1  0-1

[Event "Acropolis IM Open"]
[Site "Athens GRE"]
[Date "2004.11.16"]
[Round "1"]
[White "Khetsuriani,B"]
[Black "Tsimboukidis,A"]
[Result "1-0"]
[WhiteElo "2346"]
[BlackElo "2132"]

1.e4 c5 2.Nf3 Nc6 3.Bb5 g6 4.c3 a6 5.Bxc6 dxc6 6.O-O Bg4 7.h3 Bxf3 8.Qxf3 e5
9.a4 Bg7 10.d3 Nf6 11.Nd2 O-O 12.Nb3 Nd7 13.Be3 Qe7 14.Qg3 f5 15.exf5 Rxf5
16.Qg4 Bf8 17.a5 Qe6 18.Nd2 Nf6 19.Qc4 Qxc4 20.dxc4 e4 21.Rfe1 h6 22.Rad1 Re5
23.Re2 Rae8 24.Bf4 R5e6 25.Nf1 g5 26.Bg3 Kf7 27.Ne3 h5 28.Red2 Kg6 29.Kf1 Be7
30.Ke2 Bf8 31.Bc7 Be7 32.Bd8 Bxd8 33.Rxd8 Rxd8 34.Rxd8 Re7 35.Nf1 h4 36.Rd6 Rd7
37.Rxd7 Nxd7 38.Nd2 Kf5 39.Ke3 Nf6 40.Nb3 Nd7 41.g3 Ne5 42.g4+ Kf6 43.Nd2 Ke6
44.b3 Nd7 45.Nxe4  1-0

[Event "Acropolis WGM Open"]
[Site "Athens GRE"]
[Date "2004.11.16"]
[Round "1"]
[White "Karlovich,A"]
[Black "Botsari,A"]
[Result "0-1"]
[WhiteElo "2155"]
[BlackElo "2362"]

1.e4 c5 2.Nf3 Nc6 3.Bb5 e6 4.Bxc6 bxc6 5.O-O Ne7 6.b3 Ng6 7.Bb2 Qc7 8.Re1 e5
9.c3 f6 10.d4 cxd4 11.cxd4 Bb4 12.Bc3 Be7 13.Nbd2 O-O 14.dxe5 fxe5 15.Nc4 d6
16.Bb4 Rf6 17.Ne3 Nf4 18.Rc1 Qb7 19.Ba3 Rg6 20.g3 c5 21.Qc2 Be6 22.Red1 Rf8
23.Rd2 Nh3+ 24.Kg2 Rgf6 25.Nf5 Bxf5 26.exf5 Rxf5 27.Qc4+ Kh8 28.Qd5 Qxd5
29.Rxd5 Rxf3 30.Kxh3 Rxf2 31.b4 Rxa2 32.bxc5 Rxa3 33.cxd6 Bd8 34.d7 e4 35.Rc8 Rd3
36.Rf5 Rg8  0-1

[Event "ch-CRO"]
[Site "Zagreb CRO"]
[Date "2004.11.17"]
[Round "2"]
[White "Jovanovic,Zo2"]
[Black "Kozul,Z"]
[Result "0-1"]
[WhiteElo "2446"]
[BlackElo "2640"]

1.e4 c5 2.Nf3 Nc6 3.Bb5 g6 4.O-O Bg7 5.c3 e5 6.d4 cxd4 7.cxd4 exd4 8.Bf4 Nge7
9.Bd6 O-O 10.Nbd2 a6 11.Bc4 h6 12.a4 b6 13.b4 Bb7 14.Qb3 Na7 15.Ne5 Bxe5
16.Bxe5 b5 17.Bd3 Nec6 18.Bg3 Qe7 19.Rab1 bxa4 20.Qxa4 Nb5 21.Qb3 Ne5 22.Bxe5 Qxe5
23.f4 Qh5 24.e5 Rac8 25.Rbc1 Rxc1 26.Rxc1 Nc3 27.Re1 Rc8 28.Nc4  0-1

[Event "Acropolis IM Open"]
[Site "Athens GRE"]
[Date "2004.11.18"]
[Round "3"]
[White "Soukos,K"]
[Black "Klokas,K"]
[Result "0-1"]
[WhiteElo "2104"]
[BlackElo "2221"]

1.Nf3 c5 2.e4 Nc6 3.Bb5 e6 4.O-O Nge7 5.b3 a6 6.Bxc6 Nxc6 7.Bb2 d5 8.exd5 Qxd5
9.Nc3 Qh5 10.Ne4 Qg6 11.Re1 Be7 12.d4 cxd4 13.Nxd4 Bd7 14.Nf3 O-O-O 15.Nd6+ Bxd6
16.Qxd6 Qxc2 17.Qa3 Kb8 18.Rac1 Qf5 19.Ne5 Nxe5 20.Bxe5+ Ka8 21.Rc5 Rc8 22.Bc7 Qd3
23.Rec1 Bc6 24.Qa5 Bd5 25.b4 Qg6 26.f3 Bxf3 27.R5c2 Be4 28.b5 Rxc7 29.Qxc7 Bxc2
30.Rxc2 Qe4 31.Rc1 Qd4+ 32.Kh1 Rd8 33.h3 Qd6 34.Qxf7 Qd7 35.Qf3  0-1

[Event "Acropolis IM Open"]
[Site "Athens GRE"]
[Date "2004.11.18"]
[Round "3"]
[White "Svetushkin,D"]
[Black "Halkias,S"]
[Result "0-1"]
[WhiteElo "2568"]
[BlackElo "2526"]

1.e4 c5 2.Nf3 Nc6 3.Bb5 d6 4.d4 cxd4 5.Qxd4 Bd7 6.Bxc6 bxc6 7.c4 e5 8.Qd3 Qc7
9.O-O Ne7 10.Nh4 f6 11.f4 Be6 12.Nc3 Rd8 13.Be3 exf4 14.Rxf4 Ng6 15.Nxg6 hxg6
16.Rf2 d5 17.Bf4 dxc4 18.Qe2 Qb6 19.Kh1 Rd3 20.e5 f5 21.Rf3 Qd4 22.Rxd3 cxd3
23.Qf3 Kf7 24.Be3 Qxe5 25.Bf4 Qd4 26.Be3 Qc4 27.Bxa7 Bd6 28.Bg1 Rb8 29.Rd1 Rxb2
30.Rxd3 Be5 31.Qe3 Qg4 32.Rd2 Rxd2  0-1

[Event "Lushki A"]
[Site "Serpukhov RUS"]
[Date "2004.11.19"]
[Round "1"]
[White "Zaitsev,Vl2"]
[Black "Isajevsky,A"]
[Result "0-1"]
[WhiteElo "2392"]
[BlackElo "2432"]

1.e4 c5 2.Nf3 Nc6 3.Bb5 g6 4.O-O Bg7 5.Qe2 Nf6 6.e5 Nd5 7.Qc4 Qa5 8.Qxd5 Qxb5
9.Na3 Nb4 10.Qb3 Qc6 11.d4 b6 12.c3 Nd3 13.d5 Nxc1 14.Raxc1 Qb7 15.Rfe1 O-O
16.Rcd1 d6 17.h3 Bd7 18.Nb5 Qb8 19.exd6 exd6 20.Re7 Qd8 21.Re3 Qb8 22.Rde1 a6
23.Na3 b5 24.Qd1 Qc7 25.Ng5 h6 26.Ne4 Rae8 27.Qf3 f5 28.Nd2 Qd8 29.Nc2 Qf6
30.Nf1 Rxe3 31.Rxe3 Re8 32.Qe2 Rxe3 33.Qxe3 Qe5 34.Qd2 f4 35.Nh2 Be8 36.Ng4 Qf5
37.b4 cxb4 38.cxb4 Bf7 39.a3 h5 40.Nh2 Qxd5 41.Qe2 Qc4 42.Qd1 Be5 43.Nf3 Kg7
44.Ncd4 Kf6 45.h4 Bd5 46.Nxe5 dxe5 47.Nf3 Kf5 48.Qb1+ Be4 49.Qb2 Bxf3 50.gxf3 e4
51.fxe4+ Qxe4 52.Qc3 Kg4 53.Kh2 Qf3  0-1

[Event "Lushki A"]
[Site "Serpukhov RUS"]
[Date "2004.11.19"]
[Round "1"]
[White "Komliakov,V"]
[Black "Gasanov,E"]
[Result "1/2-1/2"]
[WhiteElo "2434"]
[BlackElo "2445"]

1.e4 c5 2.Nf3 Nc6 3.Bb5 d6 4.Bxc6+ bxc6 5.O-O e5 6.c3 f5 7.d4 fxe4 8.Ng5 exd4
9.Nxe4 Nf6 10.Re1 Kf7 11.cxd4 cxd4 12.Qxd4 d5 13.Nbc3 Nxe4 14.Nxe4 Be7 15.Nc5 Bf6
16.Qf4 Re8 17.Be3 Qe7 18.Rac1 Qe5 19.Qa4 Bf5 20.Qxc6 Rac8 21.Qb7+ Re7 22.Qb3 Rb8
23.Nd3 Bxd3 24.Qxd3 Rxb2 25.Red1 Qe4 26.Qxe4 Rxe4 27.Rxd5 Rxa2 28.g3 a5 29.Rcc5 a4
30.Ra5 a3 31.Ra7+ Re7 32.Ra6 Rc7 33.h4  1/2-1/2

[Event "Acropolis IM Open"]
[Site "Athens GRE"]
[Date "2004.11.20"]
[Round "5"]
[White "Rozentalis,E"]
[Black "Georgiev,Vl"]
[Result "1-0"]
[WhiteElo "2595"]
[BlackElo "2512"]

1.e4 c5 2.Nf3 Nc6 3.Bb5 g6 4.O-O Bg7 5.Re1 e5 6.c3 Nge7 7.a3 a6 8.Bf1 d5
9.exd5 Qxd5 10.d3 O-O 11.Nbd2 Rb8 12.Ne4 f5 13.c4 Qd8 14.Nxc5 h6 15.Bd2 b6
16.Nb3 g5 17.Bc3 Ng6 18.d4 e4 19.d5 Bxc3 20.bxc3 Nce5 21.Nxe5 Nxe5 22.Qd4 Qd6
23.a4 Ng4 24.g3 Ne5 25.Be2 a5 26.Rad1 Ba6 27.Nd2 Rbc8 28.Rb1 Rf6 29.Rxb6 Qxb6
30.Qxe5 Kg7 31.c5 Qxc5 32.Bxa6 Qxc3 33.Qxc3 Rxc3 34.Bb5 Rd6 35.Nb1 Rc5 36.Bc6 Kf6
37.g4 Rd8 38.gxf5 Kxf5 39.Kg2 Rc4 40.Na3 Rc3 41.Re3 Rd3 42.Rxd3 exd3 43.Kf3 Rb8
44.Ke3 Rb4 45.Nb5 Kf6 46.Nd6 Ke5 47.Nb7 Rd4 48.Kd2 Rf4 49.Kxd3 Rxf2 50.d6 Kf6
51.Ke4  1-0

[Event "TCh-ISL 2004-5"]
[Site "Reykjavik ISL"]
[Date "2004.11.20"]
[Round "2"]
[White "Gunnarsson,J"]
[Black "Kristinsson,B"]
[Result "1-0"]
[WhiteElo "2375"]
[BlackElo "2173"]

1.e4 c5 2.Nf3 Nc6 3.Bb5 Na5 4.c3 a6 5.Ba4 b5 6.Bc2 d5 7.d4 dxe4 8.Bxe4 Bb7
9.Bxb7 Nxb7 10.a4 b4 11.O-O e6 12.Ne5 Qc7 13.a5 Bd6 14.Qa4+ Ke7 15.Nd2 f6
16.Nef3 Rb8 17.Re1 cxd4 18.cxd4 Kf7 19.Qb3 Nd8 20.Ne4 Rb5 21.Be3 Ne7 22.Nc5 Bxc5
23.dxc5 Nec6 24.Qc4 Re8 25.Bf4 Qc8 26.Nd2 Nb7 27.Ne4 Ncxa5 28.Qe2 e5 29.Qh5+ Kg8
30.Re3 Rf8 31.Rae1 Qe8 32.Qh4 Qd7 33.Rh3 exf4 34.Qxh7+ Kf7 35.Rh6 Qd4 36.Rxf6+ Qxf6
37.Nxf6 Kxf6 38.Qh4+ Kf7 39.Re7+ Kg8 40.Qg4 Rf7 41.Qc8+  1-0

[Event "ch-CRO"]
[Site "Zagreb CRO"]
[Date "2004.11.20"]
[Round "5"]
[White "Leventic,I"]
[Black "Kuljasevic,D"]
[Result "1/2-1/2"]
[WhiteElo "2502"]
[BlackElo "2410"]

1.e4 c5 2.Nf3 Nc6 3.Bb5 e6 4.O-O Nge7 5.Re1 Nd4 6.Ba4 a6 7.c3 Nxf3+ 8.Qxf3 b5
9.Bc2 Bb7 10.d4 cxd4 11.cxd4 Rc8 12.Bb3 Ng6 13.Nc3 Be7 14.Qh5 O-O 15.Bd2 Qb6
16.Be3 Kh8 17.d5 Bc5 18.Rad1 f5 19.e5 Bxe3 20.Rxe3 Nf4 21.Qg5 Nxd5 22.Rg3 Rf7
23.Nxd5 Bxd5 24.Bxd5 exd5 25.Qd2 d4 26.Rd3 Re7 27.Rxd4 Rxe5 28.Rxd7 Rce8
29.h3 h6 30.Qc3 b4 31.Qg3 Qf6 32.Kh2 Kh7 33.R1d6 R8e6 34.Rxe6  1/2-1/2

[Event "TCh-ISL 2004-5"]
[Site "Reykjavik ISL"]
[Date "2004.11.21"]
[Round "4"]
[White "Halldorsson,H"]
[Black "Thorhallsson,T"]
[Result "0-1"]
[WhiteElo "2239"]
[BlackElo "2460"]

1.e4 c5 2.Nf3 Nc6 3.Bb5 Na5 4.c3 a6 5.Ba4 Nf6 6.Qe2 b5 7.Bc2 Bb7 8.O-O d6
9.d4 cxd4 10.cxd4 e6 11.a4 b4 12.Bd2 d5 13.e5 Ne4 14.Ne1 Be7 15.Be3 f5 16.exf6 Bxf6
17.Bxe4 dxe4 18.Nd2 Rc8 19.Qg4 Qd5 20.f3 Bxd4 21.Bxd4 Qxd4+ 22.Kh1 O-O 23.Qxe6+ Kh8
24.Nb3 Qc4 25.Qxc4 Nxc4 26.Rf2 Ne5 27.Nd4 Rc4 28.Rd1 Nd3 29.Rxd3 exd3 30.Nb3 Rd8
31.Rd2 Bc6 32.Rxd3 Re8  0-1

[Event "Petrosian Mem Open"]
[Site "Yerevan ARM"]
[Date "2004.11.22"]
[Round "4"]
[White "Azaladze,S"]
[Black "Galstian,B"]
[Result "0-1"]
[WhiteElo "2233"]
[BlackElo "2386"]

1.Nf3 c5 2.e4 Nc6 3.Bb5 g6 4.O-O Bg7 5.d3 Nf6 6.Nc3 O-O 7.Bxc6 dxc6 8.h3 Ne8
9.Be3 b6 10.Ne1 e5 11.f4 exf4 12.Bxf4 Nc7 13.Nf3 Ne6 14.Bg3 Nd4 15.Nxd4 Qxd4+
16.Kh1 Be6 17.Qf3 Rad8 18.Rae1 c4 19.Rd1 cxd3 20.Rxd3 Qb4 21.e5 Rxd3 22.Qxd3 Qxb2
23.Ne4 Bf5 24.Qe3 Bxe5 25.Nd6 Bd4 26.Qf3 Qxc2 27.Bf4 Be6 28.Bh6 Bd5 29.Qg3 Be5  0-1

[Event "Acropolis IM Open"]
[Site "Athens GRE"]
[Date "2004.11.23"]
[Round "8"]
[White "Drakopoulos,A"]
[Black "Georgiev,Vl"]
[Result "0-1"]
[WhiteElo "2175"]
[BlackElo "2512"]

1.e4 c5 2.Nf3 Nc6 3.Bb5 Nf6 4.e5 Ng4 5.Bxc6 dxc6 6.d3 g6 7.O-O Bg7 8.Re1 O-O
9.Bf4 f6 10.Nc3 fxe5 11.Bg3 Nf6 12.Nxe5 Bf5 13.Qe2 Nh5 14.a4 Qd4 15.a5 Rae8
16.Ra4 Nxg3 17.hxg3 Qd6 18.Qe3 Bc8 19.Re4 Bf5 20.Nc4 Qd7 21.Rxe7 Bd4 22.Qe2 Rxe7
23.Qxe7 Bxf2+  0-1

[Event "Lushki A"]
[Site "Serpukhov RUS"]
[Date "2004.11.23"]
[Round "6"]
[White "Chebotarev,O"]
[Black "Zubarev,Al1"]
[Result "0-1"]
[WhiteElo "2486"]
[BlackElo "2505"]

1.e4 c5 2.Nf3 Nc6 3.Bb5 d6 4.O-O Bd7 5.Re1 a6 6.Bxc6 Bxc6 7.d4 cxd4 8.Qxd4 Nf6
9.c4 e6 10.Nc3 Be7 11.a4 O-O 12.b3 Nd7 13.Ba3 Nc5 14.Rab1 b6 15.Qe3 Re8 16.Nd4 Bb7
17.Red1 Qc7 18.Rbc1 Bf6 19.Rc2 d5 20.cxd5 exd5 21.Nf5 Rad8 22.a5 Nxe4 23.Nxe4 dxe4
24.Qc1 Qf4 25.Nd6 Be5 26.Qxf4 Bxf4 27.axb6 e3 28.fxe3 Bxe3+ 29.Kf1 Bxb6 30.Rcd2 Bc6
31.Nc4 Bb5 32.Rxd8 Rxd8 33.Rxd8+ Bxd8 34.Ke2 Bc7 35.g3 Bxc4+ 36.bxc4 f5 37.Kd3 Kf7
38.Kd4 Ke6 39.Bc1 Kd6 40.Kd3 Kc5 41.Ba3+ Kc6 42.Ke3 a5 43.Kf3 Be5 44.h3 g6
45.g4 Bd6 46.Bb2 a4 47.gxf5 gxf5 48.h4 h5 49.Ke3 Kd7 50.c5 Bxc5+ 51.Kf4 Ke6
52.Kg5 a3  0-1